| 000 | 03526cam a2200361 i 4500 | ||
|---|---|---|---|
| 001 | 18924410 | ||
| 005 | 20230222095812.0 | ||
| 008 | 160104s2016 enk b 001 0 eng | ||
| 010 | _a 2015040287 | ||
| 020 | _a9780415712712 (hardback) | ||
| 020 | _z9781315883700 (ebook) | ||
| 040 |
_aDLC _beng _cDLC _erda _dDLC |
||
| 042 | _apcc | ||
| 050 | 0 | 0 |
_aJZ1253 _b.T56 2016 |
| 082 | 0 | 0 |
_a327.101, TIM _223 |
| 245 | 0 | 0 |
_aTime, temporality and violence in international relations : _b(de)fatalizing the present, forging radical alternatives / _cedited by Anna M. Agathangelou and Kyle D. Killian. |
| 264 | 1 |
_aAbingdon, Oxon ; _aNew York, NY : _bRoutledge, _c2016. |
|
| 300 |
_axxiv, 341 pages ; _c24 cm. |
||
| 336 |
_atext _btxt _2rdacontent |
||
| 337 |
_aunmediated _bn _2rdamedia |
||
| 338 |
_avolume _bnc _2rdacarrier |
||
| 490 | 0 | _aInterventions | |
| 505 | 0 | _aOf Time and Temporality in World Politics / Anna M. Agathangelou and Kyle D. Killian (Page-1), International Relations as a Vulnerable Space : A Conversation with Fanon and Hartman about Temporality and Violence / Anna M. Agathangelou and Kyle D. Killian (Page-23), Time, Technology, and the Imperial Eye : Perdition on the Road to Redemption in International Relations Theory / Siba rovogui (Page-45), The Social Life of Social Death : On Afro-Pessimism and Black Optimism / Jared Sexton (Page-61),Time and Practices in Global Politics / Ty Solomon (Page-76),Doing Time in the (Psychic) Commons : Black Insurgency and the Unconscious / Frank B. Wilderson III – (Page-87),Outside of Time : Salvage Ethnography, Self-Representation, and Performing Culture / Wanda Nanibush (Page-104),Impolitical Mandate : Defatalising a Port City / Suvendrini Perera and Annette Seeman (Page-119),The Productive Ambivalences of Post-Revolutionary Time : Discourse, Aesthetics, and the Political Subject of the Palestinian Present / Nasser Abourahme (Page-129),Migrant Day Laborers, Neoliberal Temporality, and the Politics of Time / Paul Apostolidis (Page-159),Atemporal Dwelling : Heterotopias of Homelessness in Contemporary Japan / Ritu Vij (Page-172),Child's Play : Discursive Temporality in Environmental Ethics / Andrew Hom and Brent J. Steele (Page-189),Childhood, Redemption and the Prosaics of Waiting / Sam Opondo (Page-205),Temporality of Difference and In/Security : Managing Difference Internally and Internationally in the Post-colonial World / Pinar Bilgin (Page-221),Killing Time : Writing the Temporality of Global Politics / Asli Çalkivik (Page-233),Hurricane Katrina and Bio-Temporalities : Media Representations of "Environmental" Disasters / Michael Shapiro (Page-246),Re-Imagining the Anonymous City : Defatalizing the Digital Present Through Analog Photography / Cliff Davidson (Page-260),Freedom Telling on Time: The Arab Revolt's Poems / by Nathalie Handal (Page-277),Blunt Balm Dust to Dust / Tsitsi Jaji (Page-284),IMAGE / FILM STILLS : From the Bed & Breakfast Notebooks / Alexandra Handal (Page-288). | |
| 650 | 0 |
_aInternational relations _xPhilosophy. _9109417 |
|
| 650 | 0 |
_aTime _xSociological aspects. _9109418 |
|
| 650 | 0 |
_aViolence _xSocial aspects. _9109419 |
|
| 650 | 0 |
_aPostcolonialism. _995580 |
|
| 700 | 1 |
_aAgathangelou, Anna M., _eeditor. _9109420 |
|
| 700 | 1 |
_aKillian, Kyle D., _eeditor. _9109421 |
|
| 906 |
_a7 _bcbc _corignew _d1 _eecip _f20 _gy-gencatlg |
||
| 942 |
_2ddc _cBK |
||
| 999 |
_c593403 _d593403 |
||